| 000 | 02040nam0a22003371 4500 | ||
|---|---|---|---|
| 001 | rc\2706071 | ||
| 005 | 20250529121031.0 | ||
| 035 | _a(NLR Aleph) 006834126 | ||
| 090 |
_a6576336 _c6576336 |
||
| 100 | _a20110915d1934 |||y0rusy50 ca | ||
| 101 | 0 | _arus | |
| 102 | _aRU | ||
| 105 | _ay z ||||| | ||
| 200 | 1 |
_aПодъем _eЛит.-худ. сборник _fСоюз сов. писателей Татарии |
|
| 210 |
_aКазань _cТатгосиздат. Сектор худ. лит-ры _d1934 _g[тип.] Татполиграф |
||
| 215 |
_aОбл., 80 с. _d21x15 см. |
||
| 327 | 1 | _aСодерж.: Н. Гусев, В. Малышев. Переправа. Мирсай Амир. Командир. Бруно Зернит. Казгрэс. Нур Баян. Незабываемая юность. Ахмед Ерикеев. Киргизка. Анат. Мелузников. Стихи о дороге. Б. Камский. Электросварка победила. М. Подъячев. Владимир Маяковский | |
| 464 | 0 |
_12000#$aСтихи о дороге$fАнат. Мелузников _tСтихи о дороге |
|
| 464 | 0 |
_12000#$aКиргизка$fАхмед Ерикеев _tКиргизка |
|
| 464 | 0 |
_12000#$aВладимир Маяковский$fМ. Подъячев _tВладимир Маяковский |
|
| 464 | 0 |
_12000#$aЭлектросварка победила$fБ. Камский _tЭлектросварка победила |
|
| 464 | 0 |
_12000#$aНезабываемая юность$fНур Баян _tНезабываемая юность |
|
| 464 | 0 |
_12000#$aПереправа$fН. Гусев$gВ. Малышев _tПереправа |
|
| 464 | 0 |
_12000#$aКомандир$fМирсай Амир _tКомандир |
|
| 464 | 0 |
_12000#$aКазгрэс$fБруно Зернит _tКазгрэс |
|
| 712 | 0 | 2 | _aСоюз сов. писателей Татарии |
| 801 | 0 |
_aRU _bNLR _gpsbo |
|
| 801 | 1 |
_aRU _bELAR _2rusmarc |
|
| 852 |
_aNLR _j34-10/620 |
||
| 942 | _cBOOK | ||
| 980 | _aNB | ||